| 000 | 01802nam a22002417a 4500 | ||
|---|---|---|---|
| 005 | 20250714150237.0 | ||
| 008 | 250714s1920 fr ||||fr|||| 00| 0 fre d | ||
| 040 |
_aCO-BoUCM _bspa _cSandra Yazo _dSandra Yazo |
||
| 041 | 0 | _afre | |
| 082 | 0 | 4 |
_220 _a923 |
| 092 | _aE54N062 | ||
| 100 | 1 |
_aBarthou, Louis, _d1862-1934 _9102333 |
|
| 245 | 1 | 0 |
_aMirabeau _cLouis Barthou |
| 260 |
_aParís (Francia) _bLibrairie Hachette _c1920 |
||
| 300 |
_a324 páginas _c22 x 15 cm |
||
| 500 | _aDetalles físicos: Sin encuadernación original, actualmente: Encuadernación rígida (holandesa): cartón forrado en papel con textura (negro). Lomo en tela, con letras y líneas decorativas en dorado. Guardas. Anteportada. Hoja de papel satinado (frontispicio) con retrato de Mirabeau, desprenda. Portada impresa en dos tintas, con grabado decorativo. Texto impreso en una sola columna, con diferentes tipos y tamaños de letra. En papel satinado, fotografías (fuera de texto). Cortes decorados con jaspeados de color azul. Índice. Tapa delantera con deterioro en bordes y esquinas. Lámina de página 8, casi desprendida | ||
| 505 | 0 | _aOrígenes: la familia ; Antes de la Revolución: Años de juventud ; Del castillo de If al castillo de Joux ; Mirabeau y Sofía de Monnier ; Mirabeau en la torre de Vincennes ; Mirabeau en Alemania ; Mirabeau y la Revolución: Las elecciones en Provence ; Mirabeau y los Estados Generales ; Jornadas de octubre de 1789 ; Trato con la Corte ; Los tres últimos meses ; Mirabeau, hombre de Estado ; Mirabeau, orador | |
| 506 | _aConsulta en sala | ||
| 600 |
_aMirabeau, Honoré-Gabriel de Riqueti _ccomte de _d1749-1791 _xBiografías _9186125 |
||
| 650 | 7 |
_916933 _aHistoria de Francia _ySiglo XVIII |
|
| 690 |
_aBiografías _97343 |
||
| 942 |
_2LOCAL _cLIBRO _e1 _hE54N062 |
||
| 999 |
_c325549 _d325549 |
||